| 000 | 00437nam a2200169Ia 4500 | ||
|---|---|---|---|
| 008 | 130318s9999 xx 000 0 und d | ||
| 020 | _a8187328738 | ||
| 082 | _a005.133J2 XAV/P | ||
| 100 | _aXavier, C | ||
| 245 | _aProjects on Java 2: Object oriented design approach | ||
| 250 | _a2 | ||
| 260 |
_bScitech _aChennai _c2003 |
||
| 300 | _a90 | ||
| 650 | _aJAVA-2 | ||
| 650 | _aOBJECT ORIENTED PROGRAMMING | ||
| 650 | _aPROGRAMMING LANGUAGE | ||
| 999 |
_c756 _d756 |
||